000 00269nam a2200109Ia 4500
008 190914s9999||||xx |||||||||||||| ||und||
100 _aJames A.Hall
245 0 _aAccounting Information Systems
260 _aNew Delhi
_bMcGraw Hill
_c1996
300 _a337
942 _cBK
999 _c8379
_d8379